00237 a2200109 450000100060000000300050000608200180001110000220002924500270005126000310007850000180010989770NUST a915.60453 DAL aDairymple William aFrom the holy mountain aIndiabPenguin Booksc2014 aGeneral Books